000 00461nam a2200169Ia 4500
003 GCL
008 140319s9999 xx 000 0 ara d
040 _aGCL /
_cGCL
082 0 4 _aكاسيت ق
_b167
100 1 _aمحمود الحصرى
245 1 0 _aالمصحف المرتل /
_cمحمود الحصرى
260 _a[S.N] :
_bلا يوجد
490 _a
650 0 4 _aشرائط كاسيت
650 0 4 _aشرائط قران كريم
942 _2ddc
_cBK
999 _c34284
_d34284